Upravlinnja projektamy II.

Bibliographic Details
Main Author: Benč, Vladimír, 1977- (Author)
Format: Book
Language:Ukrainian
PhysicalDescription:26 s. fotogr., mp., sch. 21 cm
Published: [Prjašiv Adin] 2009
ISBN:9788089244973
Edition:[1. vyd.]
Series:Exercise Book
Subjects:

MARC

LEADER 00000cam a2200000 a 4500
001 vtls010277623
003 SK-MaSNL
005 20260301131901.0
008 240318s2009 xo ob f p 000 0 ukr
015 |a SNBA2013/06 
020 |a 9788089244973  |q (brož.) 
040 |a SNK  |b slo  |c SNK  |e AACR2 
041 0 |a ukr 
043 |a e-xo---  |a e-un---  |a e------ 
044 |a xo  |c SK 
072 7 |a 005  |x Manažment. Riadenie  |2 konspekt 
080 |a (437.6)  |2 2001 
080 |a (477)  |2 2001 
080 |a 316.4.063.3  |2 2001 
080 |a 005.591  |2 2001 
080 |a 005.591:336  |2 2001 
080 |a (4)  |2 2001 
080 |a (076.5)  |2 2001 
080 |a (076.1)  |2 2001 
100 1 |a Benč, Vladimír,  |d 1977-  |4 aut  |9 364257 
245 1 0 |a Upravlinnja projektamy  |n II.  |c Vladimir Benč 
250 |a [1. vyd.] 
260 |a [Prjašiv  |b Adin]  |c 2009 
300 |a 26 s.  |b fotogr., mp., sch.  |c 21 cm 
490 1 |a Exercise Book 
650 0 7 |a cezhraničná spolupráca  |2 SNKPH  |9 4908 
650 0 7 |a programy a projekty  |z krajiny Európskej únie  |2 SNKPH  |9 481790 
650 0 7 |a financovanie projektov  |z krajiny Európskej únie  |2 SNKPH  |9 481791 
650 0 7 |a Transborder cooperation  |z Slovakia  |2 SNKPHeng  |9 319839 
650 0 7 |a Transborder cooperation  |z Ukraine  |2 SNKPHeng  |9 319840 
650 0 7 |a Programs and projects  |z European Union countries  |2 SNKPHeng  |9 481792 
650 0 7 |a Project financing  |z European Union countries  |2 SNKPHeng  |9 481793 
655 7 |a praktické cvičenia  |2 SNKPH  |9 70517 
655 7 |a pracovné zošity  |2 SNKPH  |9 70188 
655 7 |a Problems, exercises, etc.  |2 SNKPHeng  |9 278342 
655 7 |a Activity books  |2 SNKPHeng  |9 302885 
752 |a Slovensko  |d Prešov 
830 0 |a Exercise Book  |9 439747 
852 |a Štátna vedecká knižnica v Banskej Bystrici 
919 |a 978-80-89244-97-3 
958 |a UA 
999 |c 749439  |d 751369 
952 |a SNK  |b SNK  |y PREZ  |7 0  |p 17A0695976  |o snkOSC 25542/2  |i snk2011/10751  |8 0  |0 0  |1 0  |4 0  |d 2011-05-11  |l 0  |r 2026-02-23 23:27:28  |w 2026-02-23 
952 |a SNK  |b SNK  |y VYP  |7 0  |p 17A0695975  |o snkOSC 25542/2 D1  |i snk2011/10752  |8 0  |0 0  |1 0  |4 0  |d 2011-05-11  |l 0  |r 2026-02-23 23:27:28  |w 2026-02-23